Catalog

Record Details

Catalog Search



Who's Harry Crumb? / TriStar Pictures and NBC ... Read More

Available copies

  • 1 of 1 copy available at LARL/NWRL Consortium. (Show)
  • 1 of 1 copy available at Northwest Regional Library.

Current holds

0 current holds with 1 total copy.

Show Only Available Copies
Location Call Number / Copy Notes Barcode Shelving Location Status Due Date
Red Lake Falls Public Library DVD WHO (Text) 35500006364861 Main Available -

Record details

  • ISBN: 0767821467
  • ISBN: 9780767821469
  • Physical Description: 1 videodisc (ca. 98 min.) : sd., col. ; 4 3/4 in.
  • Edition: Widescreen
  • Publisher: Culver City, CA. : Columbia TriStar Home Entertainment, 2004, 1989.

Content descriptions

General Note:
Originally released as a motion picture in 1989.
Special features: Production notes; talent films.
Creation/Production Credits Note:
Director of photography, Stephen M. Katz ; edited ... Read More
Participant or Performer Note:
John Candy, Jeffrey Jones, Annie Potts, Tim ... Read More
Summary, etc.:
When Harry, the last of the great sleuthing ... Read More
Target Audience Note:
MPAA rating: PG-13.
System Details Note:
DVD; Dolby Digital.
Language Note:
Closed-captioned. English with subtitles English, ... Read More
Subject: Private investigators > Drama.
Kidnapping > Drama.
Feature films.
Comedy films.
Topic Heading: Closed-captioned DVDs.
LDR 02090cgm a2200457Ka 4500
001393103
003LARL_NWRL_CONSORTIUM
00520220609155706.0
007vd cvaiz|
008070312p20041989cau090 vleng d
020 . ‡a0767821467
020 . ‡a9780767821469
0241 . ‡a043396701397
02840. ‡a70139 ‡bColumbia TriStar Home Entertainment
035 . ‡a(OCoLC)85836439
040 . ‡aLVL ‡cLVL ‡dOCLCQ ‡dGZD
0411 . ‡aeng ‡beng ‡bspa ‡bpor ‡bchi ‡bkor ‡btha
24500. ‡aWho's Harry Crumb? / ‡cTriStar Pictures and NBC Productions present an Arnon Milchan/Frostbacks production ; a Paul Flaherty film ; producer, Arnon Milchan ; written by Robert Conte & Peter Martin Wortmann ; director, Paul Flaherty.
250 . ‡aWidescreen
260 . ‡aCulver City, CA. : ‡bColumbia TriStar Home Entertainment, ‡c2004, 1989.
300 . ‡a1 videodisc (ca. 98 min.) : ‡bsd., col. ; ‡c4 3/4 in.
538 . ‡aDVD; Dolby Digital.
546 . ‡aClosed-captioned. English with subtitles English, Spanish, Portuguese, Chinese, Korean, Thai.
5218 . ‡aMPAA rating: PG-13.
500 . ‡aOriginally released as a motion picture in 1989.
5111 . ‡aJohn Candy, Jeffrey Jones, Annie Potts, Tim Thomerson, Barry Corbin, Shawnee Smith.
508 . ‡aDirector of photography, Stephen M. Katz ; edited by Danford B. Greene ; music by Michel Colombier.
520 . ‡aWhen Harry, the last of the great sleuthing Crumbs--and the last person in the firm to ever get an assignment--finally gets a shot at a front-page kidnapping, it's only because his beady-eyed boss Eliot Draisen doesn't want the case solved.
500 . ‡aSpecial features: Production notes; talent films.
650 0. ‡aPrivate investigators ‡vDrama.
650 0. ‡aKidnapping ‡vDrama. ‡0(LARL_NWRL_CONSORTIUM)169824
650 0. ‡aFeature films. ‡0(LARL_NWRL_CONSORTIUM)20059
650 0. ‡aComedy films. ‡0(LARL_NWRL_CONSORTIUM)178857
690 . ‡aClosed-captioned DVDs.
7001 . ‡aFlaherty, Paul, ‡d1945-
7001 . ‡aCandy, John. ‡0(LARL_NWRL_CONSORTIUM)102833
7001 . ‡aJones, Jeffrey, ‡d1947- ‡0(LARL_NWRL_CONSORTIUM)140852
7001 . ‡aPotts, Annie. ‡0(LARL_NWRL_CONSORTIUM)142803
7102 . ‡aRCA/Columbia Pictures Home Video (Firm) ‡0(LARL_NWRL_CONSORTIUM)137925
901 . ‡a393103 ‡b ‡c393103 ‡tbiblio

Additional Resources